| 000 | 00000nam##2200000za#4500 |
| 001 | 9.597093 |
| 003 | CaOODSP |
| 005 | 20230720093655 |
| 007 | cr ||||||||||| |
| 008 | 150406|2006||||xxc|||||o f|0| 0 fre|d |
| 040 | |aCaOODSP|bfre |
| 043 | |an-cn--- |
| 086 | 1 |aYC27-0/391-3F-PDF |
| 110 | 1 |aCanada. |bParlement. |bSénat. |bComité sénatorial permanent des peuples autochtones. |
| 245 | 13|aLa politique agricole et agroalimentaire au Canada : |h[ressource électronique]|bles agriculteurs d'abord! / |cL'honorable Joyce Fairbairn, présidente; L'honorable Leonard J. Gustafson, vice-président. |
| 246 | 3 |aRapport intérimaire du Comité sénatorial permanent de l'agriculture et des forêts |
| 260 | |aOttawa - Ontario : |bSénat. |cJuin 2006. |
| 300 | |a20p.|bgraphique |
| 490 | 1 |aRapport du Comité sénatorial permanent de l'agriculture et des forêts|v39e [législature], 1re session, [3e rapport] |
| 590 | |a11-12-Supp|b2011-07-29 |
| 775 | 08|tAgriculture and agri-food policy in Canada : |w(CaOODSP)9.565580 |
| 830 | #0|aRapport du Comité sénatorial permanent de l'agriculture et des forêts ;|v39e [législature], 1re session, [3e rapport]|w(CaOODSP)9.502039 |
| 856 | 40|ahttp://publications.gc.ca|qPDF|s128 Ko|uhttps://publications.gc.ca/collections/collection_2011/sen/yc27-0/YC27-0-391-3-fra.pdf|y39e [législature], 1re session, [3e rapport] |